Superache- Conan Gray (Tracklist) - Statistics

General Stats
  • This quiz has been taken 28 times
  • The average score is 10 of 12
Answer Stats
Track Title % Correct
Track 2 People Watching
100%
Track 1 Movies
95%
Track 4 Best Friend
91%
Track 9 Summer Child
91%
Track 11 Memories
86%
Track 12 The Exit
86%
Track 3 Disaster
82%
Track 10 Footnote
82%
Track 7 Jigsaw
82%
Track 5 Astronomy
77%
Track 8 Family Line
77%
Track 6 Yours
77%
No matching quizzes found
Score Distribution
Percent of People with Each Score
Percentile by Number Answered
Your Score History
You have not taken this quiz